000 00834nam a2200253 i 4500
001 bg
245 0 0 _aSłownik chemiczny polsko-angielski.
246 1 5 _iTyt. równol. :
_aPolish-English chemical dictionary
250 _aWyd. 2 zm. i uzup. /
_bred. Bazyli Semeniuk, Grażyna Maludzińska.
260 _aWarszawa :
_bWydawnictwa Naukowo-Techniczne,
_c2003.
300 _aX, 475, [1] s. ;
_c25 cm.
650 9 _aChemia
_xterminologia
655 _aSłowniki polsko-angielskie
700 1 _aSemeniuk, Bazyli.
_eRed.
700 1 _aMaludzińska, Grażyna.
_eRed.
020 _a8320426227
040 _cBPK
041 0 _apol
_aeng
044 _aPOL
080 _a54(038)=162.1=111
942 _cKS
008 s pl f |000 0 pol
999 _c54714
_d54714
856 _uhttp://koha.tu.koszalin.pl/cgi-bin/koha/opac-detail.pl?biblionumber=54714
_yKatalog online BPK